Sport en fonction des émojis - Statistiques

Statistiques générales
  • Ce quiz a été pris 253 fois
  • Le résultat moyen est 22 sur 26
Statistiques - réponses
Hint Réponse % Correct
⚽️ 🥅 Foot
100%
🏀 ⛹️ Basket
99%
🎾 Tennis
98%
⛳️🏌🏼 Golf
96%
🏐 Volley
95%
🥊 Boxe
94%
🏒 Hockey
93%
🏈 Rugby
93%
🥋 Judo
92%
⛷️🎿 Ski
92%
🏓 Tennis de table
92%
🎣 Pêche
89%
🛹 Skate
89%
🏊🏻‍♀️ Natation
87%
🏄🏼‍♀️ Surf
86%
🏹 Tir à l’arc
86%
🏇🏼 Équitation
85%
🧗🏼‍♀️ Escalade
84%
🛷 Luge
83%
🚵🏼 🚴 Vélo
82%
🤼‍♀️ Lutte
81%
🤸🏻‍♂️ Gymnastique
80%
🤿 Plongée
78%
🏋️ Musculation
70%
🤾🏼‍♀️ Handball
63%
⛸️ Patin à glace
60%
Aucun quiz correspondant
Distribution des résultats
% des personnes avec chaque résultat
Percentile par nombre de réponses
Votre historique - résultats
Vous n’avez pas pris ce quiz